Noticia de un secuestro / (Registro nro. 10479)

Detalles MARC
000 -LIDER
fixed length control field 00762nam a22002657a 4500
001 - NÚMERO DE CONTROL
Identificador de número de control 00565
003 - IDENTIFICACDOR DE NÚMERO DE CONTROL
control field DO-SdBNP
005 - DATE AND TIME OF LATEST TRANSACTION
control field 20231023111704.0
007 - CAMPOS FIJOS DE DESCRIPCIÓN FÍSICA
fixed length control field 00565
008 - ELEMENTOS DE LONGITUD FIJA
fixed length control field 160622b mx 1996 | 00| 0 spa d
040 ## - FUENTE DE CATALOGACIÓN
Agencia que crea de manera original el registro BPMSU
Idioma de catalogación spa
Agencia que realiza la transcripción BPMSU
082 #4 - NÚMERO DE CLASIFICACIÓN DECIMAL DE DEWEY
Classification number Co863.44
Item number G216n 1996
Edition number 22
100 1# - ASIENTO PRINCIPAL -- NOMBRE PERSONAL
Nombre personal García Márquez, Gabriel
Fechas asociadas con el nombre 1927-2014.
245 1# - MENCIÓN DE TITULO
Título Noticia de un secuestro /
Mención de responsabilidad Gabriel García Márquez
260 ## - PUBLICACIÓN, DISTRIBUCIÓN, ETC. (PIE DE IMPRENTA)
Lugar de publicación, distribución, etc México :
Nombre del editor, distribuidor, etc. Taller,
Fecha de publicación, distribución, etc 1996.
300 ## - DESCRIPCIÓN FÍSICA
Extensión 346 p. :
Dimensiones 21 cm.
490 1# - MENCIÓN DE SERIES
Mención de serie Biblioteca taller
Volume/sequential designation 317
650 #4 - ENCABEZAMIENTO DE MATERIA--TEMÁTICO
Término temático o nombre geográfico como elemento de entrada Novela colombiana
650 #4 - ENCABEZAMIENTO DE MATERIA--TEMÁTICO
Término temático o nombre geográfico como elemento de entrada Secuestro
Subdivisión de forma Novela
650 #4 - ENCABEZAMIENTO DE MATERIA--TEMÁTICO
Término temático o nombre geográfico como elemento de entrada Terrorismo
Subdivisión geográfica Colombia
Subdivisión de forma Novela
830 #0 - ASIENTO SECUNDARIO DE SERIE--TÍTULO UNIFORME
Título uniforme Biblioteca taller
Número de la parte o sección de una obra 317
942 ## - ADDED ENTRY ELEMENTS (KOHA)
Source of classification or shelving scheme Dewey Decimal Classification
Koha item type Libros
945 ## - INFORMACIÓN DE PROCESAMIENTO LOCAL
Información de procesamiento local Inventariado, 2018/MFF
956 ## - LOCAL ELECTRONIC LOCATION AND ACCESS (OCLC)
Nombre de host BTAVÁREZ
Número de acceso 10
Información de compresión 20162206
Trayectoria 00565
Existencias
Withdrawn status Lost status Source of classification or shelving scheme Damaged status Not for loan Collection code Home library Current library Date acquired Source of acquisition Total Checkouts Full call number Barcode Date last seen Price effective from Koha item type Copy number
    Dewey Decimal Classification     Colección General Biblioteca Pública Metropolitana Salomé Ureña Biblioteca Pública Metropolitana Salomé Ureña 06/22/2016   BPMSU CG Co863.44 G216n 1996 BPMSU16060305 06/22/2016 06/22/2016 Libros  
    Dewey Decimal Classification     Colección General Biblioteca Pública Rafael Maria Baralt Biblioteca Pública Rafael Maria Baralt 10/29/2020     BPMSU CG Co863.44 G216n 1996 BPRMB20100006 10/29/2020 10/29/2020 Libros e.2